[Event "Tollose Weekend Cup B"]
[Site "Tollose"]
[Date "2016.04.15"]
[Round "1"]
[White "Holtzmann, Sonny Reimer"]
[Black "Bruun, Erling"]
[Result "1/2-1/2"]
[WhiteElo "1822"]
[BlackElo "1833"]
[PlyCount "38"]
[EventDate "2016.04.15"]
[EventType "tourn"]
[EventRounds "5"]
[EventCountry "DEN"]
[SourceTitle "EXT 2024"]
[Source "ChessBase"]
[SourceDate "2023.10.10"]
[SourceVersion "1"]
[SourceVersionDate "2023.10.10"]
[SourceQuality "1"]

1. d4 g6 2. Nf3 Nf6 3. e3 Bg7 4. Be2 0-0 5. c4 d6 6. 0-0 Nbd7 7. Nc3 e5 8. b4 a5 9. b5 b6 10. Qc2 Bb7 11. Rd1 Qe7 12. Ba3 Rfe8 13. Rac1 e4 14. Nd2 Qe6 15. Na4 Qf5 16. h3 h5 17. c5 dxc5 18. dxc5 Bd5 19. Bc4 Re6 1/2-1/2

[Event "Tollose Weekend Cup B"]
[Site "Tollose"]
[Date "2016.04.15"]
[Round "2"]
[White "Nielsen, Kai Gylling"]
[Black "Bruun, Erling"]
[Result "1-0"]
[WhiteElo "1781"]
[BlackElo "1833"]
[PlyCount "71"]
[EventDate "2016.04.15"]
[EventType "tourn"]
[EventRounds "5"]
[EventCountry "DEN"]
[SourceTitle "EXT 2024"]
[Source "ChessBase"]
[SourceDate "2023.10.10"]
[SourceVersion "1"]
[SourceVersionDate "2023.10.10"]
[SourceQuality "1"]

1. e4 d6 2. d4 Nf6 3. Nc3 g6 4. Nf3 Bg7 5. h3 0-0 6. Bd3 c6 7. Be3 Nbd7 8. Qd2 e5 9. dxe5 dxe5 10. Bh6 Qe7 11. Bxg7 Kxg7 12. Qg5 h6 13. Qg3 Nh5 14. Qh2 Nc5 15. Nxe5 f6 16. Nxc6 bxc6 17. g4 f5 18. gxh5 fxe4 19. Be2 e3 20. 0-0-0 Rxf2 21. Qg3 Bf5 22. Rd6 g5 23. Rxc6 Rxe2 24. Nxe2 Qe4 25. Rxc5 Qxh1+ 26. Ng1 Bxh3 27. Qe5+ Kg8 28. Qxe3 Rf8 29. Qb3+ Rf7 30. Qb8+ Kh7 31. Qg3 Rf1+ 32. Kd2 Rxg1 33. Qd3+ Kg8 34. Qg6+ Kf8 35. Qxh6+ Ke7 36. Rc7+ 1-0

[Event "Lovsprings op 08th"]
[Site "Ringsted"]
[Date "1996.04.26"]
[Round "7"]
[White "Buhl, Poul"]
[Black "Bruun, Erling"]
[Result "1-0"]
[WhiteElo "2021"]
[BlackElo "1957"]
[PlyCount "70"]
[EventDate "1996.03.08"]
[EventType "swiss"]
[EventRounds "7"]
[EventCountry "DEN"]
[SourceTitle "EXT 2018"]
[Source "ChessBase"]
[SourceDate "2017.10.13"]
[SourceVersion "1"]
[SourceVersionDate "2017.10.13"]
[SourceQuality "1"]

1. c4 e5 2. Nc3 f5 3. g3 Nf6 4. Bg2 Nc6 5. d3 g6 6. Nf3 Bg7 7. 0-0 d6 8. Rb1 0-0 9. b4 h6 10. e3 g5 11. b5 Ne7 12. Qb3 Be6 13. a4 Rb8 14. Ba3 Ng6 15. d4 e4 16. Nd2 Re8 17. Rfc1 Qe7 18. a5 Kh8 19. Qb4 b6 20. c5 d5 21. Na4 Bf8 22. axb6 axb6 23. cxb6 Qxb4 24. Bxb4 cxb6 25. Rc6 Bxb4 26. Rxb4 Nd7 27. Rb1 f4 28. Rbc1 f3 29. Bf1 Ngf8 30. Rd6 Rec8 31. Rcc6 Rxc6 32. bxc6 Nf6 33. Bb5 Kg7 34. Ba6 Ra8 35. c7 Rxa6 1-0

[Event "Lovsprings op 08th"]
[Site "Ringsted"]
[Date "1996.04.12"]
[Round "5"]
[White "Bruun, Erling"]
[Black "Christensen, Lars"]
[Result "1-0"]
[WhiteElo "1957"]
[BlackElo "2020"]
[PlyCount "57"]
[EventDate "1996.03.08"]
[EventType "swiss"]
[EventRounds "7"]
[EventCountry "DEN"]
[SourceTitle "EXT 2018"]
[Source "ChessBase"]
[SourceDate "2017.10.13"]
[SourceVersion "1"]
[SourceVersionDate "2017.10.13"]
[SourceQuality "1"]

1. e4 c5 2. Nf3 d6 3. d4 cxd4 4. Nxd4 Nf6 5. Nc3 g6 6. Be2 Bg7 7. 0-0 Nc6 8. Be3 h5 9. h3 Bd7 10. f4 h4 11. f5 Ne5 12. Bd3 Qb6 13. fxg6 Neg4 14. gxf7+ Kf8 15. Ne6+ Bxe6 16. Bxb6 axb6 17. hxg4 Nxg4 18. e5 Ne3 19. Qf3 Nxf1 20. Rxf1 Bxe5 21. Bf5 Bc4 22. Rd1 Ra5 23. b3 Ba6 24. Nd5 Rc5 25. Nxb6 Bb5 26. Bd7 Ba6 27. c4 Bf6 28. Be6 Rc7 29. Nd5 1-0

[Event "Lovsprings op 08th"]
[Site "Ringsted"]
[Date "1996.03.15"]
[Round "2"]
[White "Pedersen, Hans Dahl"]
[Black "Bruun, Erling"]
[Result "1-0"]
[WhiteElo "2091"]
[BlackElo "1957"]
[PlyCount "121"]
[EventDate "1996.03.08"]
[EventType "swiss"]
[EventRounds "7"]
[EventCountry "DEN"]
[SourceTitle "EXT 2018"]
[Source "ChessBase"]
[SourceDate "2017.10.13"]
[SourceVersion "1"]
[SourceVersionDate "2017.10.13"]
[SourceQuality "1"]

1. d4 g6 2. Nf3 Bg7 3. c4 d6 4. Nc3 Nf6 5. g3 0-0 6. Bg2 Nbd7 7. 0-0 e5 8. h3 exd4 9. Nxd4 a5 10. b3 c6 11. Bb2 Nc5 12. Qc2 Qc7 13. e4 Re8 14. Rad1 Bd7 15. Rfe1 Re7 16. Re3 Rae8 17. Kh2 Ne6 18. Nxe6 Rxe6 19. Ne2 Bc8 20. Nf4 R6e7 21. Bc3 Nd7 22. Bxg7 Kxg7 23. Qc3+ Ne5 24. Red3 Rd7 25. c5 dxc5 26. Rxd7 Bxd7 27. Nd3 f6 28. Nxc5 Bc8 29. f4 Nf7 30. Rd4 b6 31. Na4 c5 32. Rd2 Rd8 33. Qe3 Bb7 34. Nc3 Re8 35. Qd3 Rd8 36. Qe2 Rxd2 37. Qxd2 Qd6 38. Qxd6 Nxd6 39. e5 Bxg2 40. Kxg2 fxe5 41. fxe5 Nc8 42. Kf3 Kf7 43. Ke4 Ke6 44. Nd5 g5 45. h4 h6 46. hxg5 hxg5 47. a4 Na7 48. Nxb6 Nc6 49. Nc4 g4 50. Kf4 Kd5 51. Kxg4 Nxe5+ 52. Nxe5 Kxe5 53. Kf3 Kd4 54. g4 Kc3 55. g5 Kxb3 56. g6 c4 57. g7 c3 58. g8Q+ Kb2 59. Qg7 Kb3 60. Ke2 c2 61. Qa1 1-0

[Event "Lovsprings op 08th"]
[Site "Ringsted"]
[Date "1996.03.08"]
[Round "1"]
[White "Bruun, Erling"]
[Black "Jorgensen, Gert"]
[Result "0-1"]
[WhiteElo "1957"]
[BlackElo "1925"]
[PlyCount "64"]
[EventDate "1996.03.08"]
[EventType "swiss"]
[EventRounds "7"]
[EventCountry "DEN"]
[SourceTitle "EXT 2018"]
[Source "ChessBase"]
[SourceDate "2017.10.13"]
[SourceVersion "1"]
[SourceVersionDate "2017.10.13"]
[SourceQuality "1"]

1. e4 d5 2. Nc3 d4 3. Nb1 c5 4. Bc4 e6 5. d3 Nc6 6. a3 Qc7 7. f4 Be7 8. Nf3 Bd7 9. 0-0 h6 10. e5 g5 11. Qe2 g4 12. Nfd2 h5 13. Ne4 Nh6 14. b4 cxb4 15. axb4 Nf5 16. b5 Na5 17. Nf6+ Bxf6 18. exf6 Nxc4 19. dxc4 Rh6 20. Qe5 Qxc4 21. Rxa7 Rxa7 22. Qb8+ Qc8 23. Qxa7 Bxb5 24. Rd1 Rxf6 25. Na3 Bd7 26. Bb2 e5 27. Qa5 Re6 28. fxe5 b6 29. Qd2 Qc5 30. Qg5 Rxe5 31. Qxh5 d3+ 32. Kh1 Ng3+ 0-1

[Event "Lovsprings 03rd A"]
[Site "Ringsted"]
[Date "1991.05.17"]
[Round "5"]
[White "Madsen, Morten"]
[Black "Bruun, Erling"]
[Result "0-1"]
[WhiteElo "1850"]
[BlackElo "1900"]
[PlyCount "123"]
[EventDate "1991.04.05"]
[EventType "swiss"]
[EventRounds "7"]
[EventCountry "DEN"]
[SourceTitle "EXT 2023"]
[Source "ChessBase"]
[SourceDate "2022.10.05"]
[SourceVersion "1"]
[SourceVersionDate "2022.10.05"]
[SourceQuality "1"]

1. e4 d6 2. d4 Nf6 3. Nc3 g6 4. Be2 Bg7 5. f4 0-0 6. Nf3 c5 7. dxc5 Qa5 8. Bd2 Qxc5 9. b4 Qb6 10. h3 Be6 11. b5 Rc8 12. Na4 Qc7 13. e5 dxe5 14. fxe5 Ne4 15. 0-0 Nxd2 16. Qxd2 Qxc2 17. Qxc2 Rxc2 18. Bd3 Rxa2 19. Be4 Nd7 20. Rxa2 Bxa2 21. Bxb7 Rb8 22. Bc6 Nxe5 23. Nxe5 Bxe5 24. Kh1 Bd4 25. Rf3 Bc4 26. Nc3 Bxc3 27. Rxc3 Bxb5 28. Bxb5 Rxb5 29. Rc7 Rb1+ 30. Kh2 Re1 31. Rxa7 h5 32. Kg3 g5 33. Kf2 Re5 34. Kf3 Kg7 35. Ra6 e6 36. Ra7 Kg6 37. Ra8 h4 38. Rg8+ Kf5 39. Rf8 f6 40. g4+ hxg3 41. Kxg3 Re3+ 42. Kg2 e5 43. Rh8 e4 44. h4 gxh4 45. Rxh4 Kg5 46. Rh8 Rf3 47. Re8 f5 48. Re5 Kf4 49. Ra5 Rg3+ 50. Kh2 Rd3 51. Kg2 Rd2+ 52. Kf1 e3 53. Ke1 Rf2 54. Ra4+ Kf3 55. Rh4 Rg2 56. Rh3+ Rg3 57. Rh1 f4 58. Rf1+ Ke4 59. Ke2 Rg2+ 60. Ke1 f3 61. Rh1 Kd3 62. Rf1 0-1